| 000 | 00654nam a22001937a 4500 | ||
|---|---|---|---|
| 005 | 20230209115008.0 | ||
| 008 | 230113b cl ||||| |||| 00| 0 spa d | ||
| 020 | _a956282151 | ||
| 050 | 0 | 4 |
_aKHF3012 _bl56 1998 |
| 245 | 0 | 4 |
_aLos límites de la tolerancia _b : libertad de expresión y debate público en Chile _c |
| 250 | _a1a ed. | ||
| 260 |
_aSantiago de Chile : _bHuman Rights Watch : _bLom Ediciones, _c1998 |
||
| 300 |
_a268 p. ; _c21 cm. |
||
| 490 | 0 | _aColección Nuevo Periodismo | |
| 651 | 7 |
_2lemb _aChile _xLibertad de expresión |
|
| 651 | 7 |
_2lemb _aChile _xCine _xCensura |
|
| 651 | 7 |
_2lemb _aChile _xTelevisión _xCensura |
|
| 942 |
_2lcc _cLIB |
||
| 999 |
_c126793 _d126793 |
||